Welding processes (Record no. 1371358)
[ view plain ]
| 000 -LEADER | |
|---|---|
| fixed length control field | 00531nam a2200193Ia 4500 |
| 005 - DATE AND TIME OF LATEST TRANSACTION | |
| control field | 20250508161643.0 |
| 008 - FIXED-LENGTH DATA ELEMENTS--GENERAL INFORMATION | |
| fixed length control field | 008 250505s9999 xx 000 0 eng d |
| 037 ## - SOURCE OF ACQUISITION | |
| Stock number | Textual |
| 040 ## - CATALOGING SOURCE | |
| Original cataloging agency | FEDL |
| Language of cataloging | eng |
| Transcribing agency | FEDL |
| 041 ## - LANGUAGE CODE | |
| Language code of text/sound track or separate title | eng |
| Source of code | eng |
| 084 ## - COLON CLASSIFICATION NUMBER | |
| Classification number | 671.52, GRI |
| Assigning agency | FEDL |
| 100 ## - MAIN ENTRY--PERSONAL NAME | |
| Personal name | Griffin Ivan H |
| 9 (RLIN) | 771207 |
| 245 #0 - TITLE STATEMENT | |
| Title | Welding processes |
| 260 ## - PUBLICATION, DISTRIBUTION, ETC. | |
| Place of publication, distribution, etc. | Canada |
| Name of publisher, distributor, etc. | Delmar Publishers Ltd. |
| Date of publication, distribution, etc. | 1970 |
| 300 ## - PHYSICAL DESCRIPTION | |
| Extent | viii,239p |
| 700 ## - ADDED ENTRY--PERSONAL NAME | |
| Personal name | Roden Edward M |
| 9 (RLIN) | 771208 |
| 942 ## - ADDED ENTRY ELEMENTS (KOHA) | |
| Koha item type | Textual |
| Classification part | 671.52, GRI |
| Withdrawn status | Lost status | Damaged status | Not for loan | Home library | Current library | Date acquired | Total Checkouts | Full call number | Barcode | Date last seen | Price effective from | Koha item type |
|---|---|---|---|---|---|---|---|---|---|---|---|---|
| Department of Education Library | Department of Education Library | 2025-05-08 | 671.52, GRI | EL0059350 | 2025-05-08 | 2025-05-08 | Textual |
